| 000 | 02722nam0a2200421 4500 | ||
|---|---|---|---|
| 001 | RU\NLR\bibl\886920 | ||
| 005 | 20260406060439.0 | ||
| 010 | _a5-94201-439-6 | ||
| 021 |
_aRU _b2005-57288 _92804 |
||
| 035 | _a(nilc)RSL-KNO-002708897 | ||
| 035 | _a(NLR Aleph) 000875451 | ||
| 090 |
_a1625864 _c1625864 |
||
| 100 | _a20050906d2005 |||y0rusy50 ca | ||
| 101 | 0 |
_arus _deng |
|
| 102 | _aRU | ||
| 105 | _ac ||||||||| | ||
| 200 | 1 |
_aКриминологические проблемы предупреждения корыстно-насильственных преступлений _dCriminological problems of prevention of acquisitive and violent crimes _fЕ.О. Алауханов _gпод науч. ред. д.ю.н., проф., засл. деят. науки и техники РК Е.И. Каиржанова _gАссоц. юрид. центр, М-во образования и науки Респ. Казахстан _zeng |
|
| 210 |
_aСПб. _cИзд-во Р. Асланова Юрид. центр Пресс _d2005 |
||
| 215 |
_a280 с., [1] л. портр. _d22 |
||
| 225 | 1 |
_aТеория и практика уголовного права и уголовного процесса _fредкол.: А.И. Бойцов (отв. ред.) и др. |
|
| 300 | _aРез. на англ. яз. | ||
| 320 | _aБиблиогр.: с. 257-274 и в подстроч. прим. | ||
| 510 | 0 |
_6z20790 _aCriminological problems of prevention of acquisitive and violent crimes _zeng |
|
| 606 | 1 |
_aКорыстно-насильственные преступления _xКриминологические исследования _92407139 _3RU\NLR\auth\661434490 |
|
| 606 | 1 |
_aПреступность _xПредупреждение _9901455 _3RU\NLR\auth\667733 |
|
| 610 | 0 | _aГосударство и право. Юридические науки -- Криминология -- Республика Казахстан -- Борьба с преступностью и предупреждение преступлений -- Борьба с преступностью и предупреждение преступлений на отдельных объектах и в отдельных областях жизни | |
| 686 |
_aХ628.322,0 _2rubbk |
||
| 686 | _aХ628.3 | ||
| 686 | _aХ883 | ||
| 686 | _aХ628.322 | ||
| 700 | 1 |
_4070 _8rus _7ca _aАлауханов _bЕ. О. _gЕсберген Оразович _f1958- _3RU\NLR\auth\7710668 _9120433 |
|
| 790 | 1 |
_4070 _8rus _7ba _aAlauchanov _bE. O. _f1958- _gEsbergen Orazovič _3RU\NLR\auth\7732938 _915946 |
|
| 801 | 0 |
_aRU _bRuMoRKP _c20050906 _grcr |
|
| 801 | 1 |
_aRU _bRuMoRGB _c20050906 |
|
| 801 | 2 |
_aRU _bNLR _c20051212 _grcr |
|
| 942 | _cBOOK | ||
| 980 | _aNB | ||